[Event "Estonian Chess Championship 2025"]
[Site "Tallinn, Estonia"]
[Date "2025.12.14"]
[Round "9.1"]
[White "Rychagov, Nikita"]
[Black "Volodin, Aleksandr"]
[Result "1-0"]
[WhiteTitle "CM"]
[BlackTitle "GM"]
[WhiteElo "2222"]
[BlackElo "2471"]

1. e4 {

[%clk 01:30:58]

} c5 {

[%clk 01:30:56]

} 2. Nf3 {

[%clk 01:31:25]

} d6 {

[%clk 01:31:21]

} 3. d4 {

[%clk 01:31:52]

} cxd4 {

[%clk 01:31:47]

} 4. Nxd4 {

[%clk 01:32:19]

} Nf6 {

[%clk 01:32:11]

} 5. Nc3 {

[%clk 01:32:45]

} a6 {

[%clk 01:32:38]

} 6. Bg5 {

[%clk 01:33:11]

} e6 {

[%clk 01:33:03]

} 7. f4 {

[%clk 01:33:27]

} h6 {

[%clk 01:33:30]

} 8. Bh4 {

[%clk 01:33:44]

} Nbd7 {

[%clk 01:33:57]

} 9. Bc4 {

[%clk 01:34:07]

} Qa5 {

[%clk 01:21:08]

} 10. Qe2 {

[%clk 01:30:43]

} e5 {

[%clk 01:12:25]

} 11. Nf5 {

[%clk 00:57:38]

} {

[%emt 00:38:26]

} exf4 {

[%clk 00:57:03]

} 12. O-O-O {

[%clk 00:57:38]

} g5 {

[%clk 00:57:03]

} 13. Bf2 {

[%clk 00:52:46]

} {

[%emt 00:23:46]

} Ne5 {

[%clk 00:55:55]

} 14. Bb3 {

[%clk 00:50:27]

} {

[%emt 00:02:56]

} Bxf5 {

[%clk 00:50:27]

} 15. exf5 {

[%clk 00:50:27]

} Be7 {

[%clk 00:50:27]

} 16. Rhe1 {

[%clk 00:45:11]

} {

[%emt 00:17:42]

} Qc7 {

[%clk 00:41:11]

} 17. Kb1 {

[%clk 00:36:19]

} {

[%emt 00:14:10]

} Kf8 {

[%clk 00:34:08]

} 18. Nd5 {

[%clk 00:33:13]

} {

[%emt 00:11:10]

} Nxd5 {

[%clk 00:34:04]

} 19. Rxd5 {

[%clk 00:33:13]

} Bf6 {

[%clk 00:34:04]

} 20. Red1 {

[%clk 00:33:13]

} Rd8 {

[%clk 00:32:17]

} {

[%emt 00:03:50]

} 21. Qh5 {

[%clk 00:32:56]

} {

[%emt 00:01:17]

} Kg7 {

[%clk 00:25:24]

} {

[%emt 00:25:08]

} 22. h4 {

[%clk 00:32:39]

} Rhf8 {

[%clk 00:17:25]

} 23. g3 {

[%clk 00:26:41]

} f3 {

[%clk 00:16:50]

} 24. Be3 {

[%clk 00:22:56]

} {

[%emt 00:03:19]

} Qe7 {

[%clk 00:17:10]

} {

[%emt 00:00:10]

} 25. Bb6 {

[%clk 00:21:02]

} {

[%emt 00:02:25]

} Rd7 {

[%clk 00:11:52]

} {

[%emt 00:05:48]

} 26. hxg5 {

[%clk 00:16:55]

} {

[%emt 00:04:36]

} Bxg5 {

[%clk 00:12:17]

} {

[%emt 00:00:05]

} 27. Ba4 {

[%clk 00:16:25]

} {

[%emt 00:01:01]

} Rdd8 {

[%clk 00:12:17]

} {

[%emt 00:00:30]

} 28. c3 {

[%clk 00:13:41]

} {

[%emt 00:03:14]

} Qf6 {

[%clk 00:10:52]

} {

[%emt 00:01:55]

} 29. Bc2 {

[%clk 00:13:40]

} {

[%emt 00:00:31]

} Rd7 {

[%clk 00:10:05]

} {

[%emt 00:01:17]

} 30. Bd4 {

[%clk 00:12:08]

} {

[%emt 00:02:02]

} Re8 {

[%clk 00:10:31]

} {

[%emt 00:00:04]

} 31. Rf1 {

[%clk 00:11:11]

} {

[%emt 00:01:26]

} Kf8 {

[%clk 00:08:08]

} {

[%emt 00:02:53]

} 32. Rxf3 {

[%clk 00:09:42]

} {

[%emt 00:02:00]

} Qd8 {

[%clk 00:07:59]

} {

[%emt 00:00:38]

} 33. Rf1 {

[%clk 00:09:24]

} {

[%emt 00:00:48]

} f6 {

[%clk 00:07:00]

} {

[%emt 00:01:30]

} 34. Bb3 {

[%clk 00:08:50]

} {

[%emt 00:01:04]

} Ree7 {

[%clk 00:06:41]

} {

[%emt 00:00:48]

} 35. Rd1 {

[%clk 00:07:30]

} {

[%emt 00:01:50]

} Qe8 {

[%clk 00:07:07]

} {

[%emt 00:00:04]

} 36. Qxe8+ {

[%clk 00:07:02]

} {

[%emt 00:00:58]

} Kxe8 {

[%clk 00:07:12]

} {

[%emt 00:00:26]

} 37. Bb6 {

[%clk 00:07:21]

} {

[%emt 00:00:11]

} Nc6 {

[%clk 00:06:21]

} {

[%emt 00:01:21]

} 38. Rxd6 {

[%clk 00:07:28]

} {

[%emt 00:00:23]

} Rxd6 {

[%clk 00:06:05]

} {

[%emt 00:00:46]

} 39. Rxd6 {

[%clk 00:07:55]

} {

[%emt 00:00:03]

} Re1+ {

[%clk 00:06:16]

} {

[%emt 00:00:19]

} 40. Rd1 {

[%clk 00:22:03]

} {

[%emt 00:01:22]

} Re2 {

[%clk 00:20:15]

} {

[%emt 00:03:06]

} 41. Be6 {

[%clk 00:21:30]

} Ne5 {

[%clk 00:20:04]

} {

[%emt 00:00:09]

} 42. Bd5 {

[%clk 00:20:36]

} {

[%emt 00:01:24]

} Be3 {

[%clk 00:16:20]

} {

[%emt 00:04:13]

} 43. Bxe3 {

[%clk 00:19:07]

} {

[%emt 00:02:00]

} Rxe3 {

[%clk 00:16:05]

} {

[%emt 00:00:46]

} 44. Bxb7 {

[%clk 00:19:28]

} {

[%emt 00:00:09]

} a5 {

[%clk 00:16:33]

} {

[%emt 00:00:01]

} 45. a4 {

[%clk 00:15:36]

} {

[%emt 00:04:22]

} Rxg3 {

[%clk 00:16:21]

} {

[%emt 00:00:42]

} 46. Rd5 {

[%clk 00:15:01]

} {

[%emt 00:01:05]

} h5 {

[%clk 00:16:02]

} {

[%emt 00:00:49]

} 47. Rxa5 {

[%clk 00:15:16]

} {

[%emt 00:00:15]

} h4 {

[%clk 00:16:25]

} {

[%emt 00:00:07]

} 48. Ra8+ {

[%clk 00:15:19]

} {

[%emt 00:00:27]

} Kd7 {

[%clk 00:16:10]

} {

[%emt 00:00:45]

} 49. a5 {

[%clk 00:15:21]

} {

[%emt 00:00:28]

} Kc7 {

[%clk 00:16:19]

} {

[%emt 00:00:21]

} 50. a6 {

[%clk 00:15:37]

} {

[%emt 00:00:14]

} Kb6 {

[%clk 00:12:13]

} {

[%emt 00:04:35]

} 51. Rh8 {

[%clk 00:16:01]

} {

[%emt 00:00:06]

} h3 {

[%clk 00:12:38]

} {

[%emt 00:00:05]

} 52. Rh7 {

[%clk 00:14:13]

} {

[%emt 00:02:18]

} Nd3 {

[%clk 00:10:14]

} {

[%emt 00:02:54]

} 53. b4 {

[%clk 00:08:41]

} {

[%emt 00:06:03]

} Nf4 {

[%clk 00:07:02]

} {

[%emt 00:03:42]

} 54. Kb2 {

[%clk 00:08:39]

} {

[%emt 00:00:32]

} Ne2 {

[%clk 00:06:56]

} {

[%emt 00:00:36]

} 55. c4 {

[%clk 00:07:17]

} {

[%emt 00:01:52]

} Nd4 {

[%clk 00:06:51]

} {

[%emt 00:00:34]

} 56. c5+ {

[%clk 00:07:30]

} {

[%emt 00:00:17]

} Kb5 {

[%clk 00:05:37]

} {

[%emt 00:01:45]

} 57. a7 {

[%clk 00:07:43]

} {

[%emt 00:00:17]

} Rb3+ {

[%clk 00:05:11]

} {

[%emt 00:00:56]

} 58. Kc1 {

[%clk 00:07:14]

} {

[%emt 00:01:00]

} 1-0

[Event "Estonian Chess Championship 2025"]
[Site "Tallinn, Estonia"]
[Date "2025.12.13"]
[Round "8.2"]
[White "Krivenko, Dion"]
[Black "Sirosh, Ilja"]
[Result "1/2-1/2"]
[WhiteTitle "FM"]
[BlackTitle "IM"]
[WhiteElo "2269"]
[BlackElo "2391"]

1. e4 {

[%clk 01:30:56]

} {

[%emt 00:00:03]

} c6 {

[%clk 01:30:41]

} {

[%emt 00:00:20]

} 2. d4 {

[%clk 01:31:12]

} {

[%emt 00:00:14]

} d5 {

[%clk 01:31:02]

} {

[%emt 00:00:09]

} 3. e5 {

[%clk 01:31:23]

} {

[%emt 00:00:19]

} c5 {

[%clk 01:31:11]

} {

[%emt 00:00:21]

} 4. c4 {

[%clk 01:30:53]

} {

[%emt 00:01:00]

} Nc6 {

[%clk 01:29:49]

} {

[%emt 00:01:52]

} 5. Nf3 {

[%clk 01:30:19]

} {

[%emt 00:01:03]

} cxd4 {

[%clk 01:30:02]

} {

[%emt 00:00:18]

} 6. Nxd4 {

[%clk 01:27:34]

} {

[%emt 00:03:15]

} dxc4 {

[%clk 01:29:08]

} {

[%emt 00:01:24]

} 7. Nxc6 {

[%clk 01:25:11]

} {

[%emt 00:02:53]

} Qxd1+ {

[%clk 01:29:29]

} {

[%emt 00:00:10]

} 8. Kxd1 {

[%clk 01:25:35]

} {

[%emt 00:00:06]

} bxc6 {

[%clk 01:29:54]

} {

[%emt 00:00:05]

} 9. Bxc4 {

[%clk 01:25:44]

} {

[%emt 00:00:21]

} Bf5 {

[%clk 01:30:09]

} {

[%emt 00:00:16]

} 10. Be3 {

[%clk 01:22:53]

} {

[%emt 00:03:21]

} e6 {

[%clk 01:30:04]

} {

[%emt 00:00:35]

} 11. Nc3 {

[%clk 01:20:00]

} {

[%emt 00:03:23]

} Ne7 {

[%clk 01:28:02]

} {

[%emt 00:02:32]

} 12. h3 {

[%clk 01:09:31]

} {

[%emt 00:11:00]

} Nd5 {

[%clk 01:22:58]

} {

[%emt 00:05:34]

} 13. Nxd5 {

[%clk 01:05:29]

} {

[%emt 00:04:32]

} exd5 {

[%clk 01:23:12]

} {

[%emt 00:00:16]

} 14. Bb3 {

[%clk 01:02:55]

} {

[%emt 00:03:03]

} c5 {

[%clk 00:58:48]

} {

[%emt 00:24:53]

} 15. g4 {

[%clk 00:57:18]

} {

[%emt 00:06:07]

} Be4 {

[%clk 00:50:02]

} {

[%emt 00:09:16]

} 16. Ba4+ {

[%clk 00:55:11]

} {

[%emt 00:02:39]

} Ke7 {

[%clk 00:49:52]

} {

[%emt 00:00:39]

} 17. Bxc5+ {

[%clk 00:48:34]

} {

[%emt 00:07:06]

} Ke6 {

[%clk 00:50:06]

} {

[%emt 00:00:15]

} 18. Bxf8 {

[%clk 00:48:58]

} {

[%emt 00:00:06]

} Rhxf8 {

[%clk 00:33:47]

} {

[%emt 00:16:50]

} 19. Re1 {

[%clk 00:47:39]

} {

[%emt 00:01:49]

} f6 {

[%clk 00:33:37]

} {

[%emt 00:00:40]

} 20. exf6 {

[%clk 00:25:50]

} {

[%emt 00:22:20]

} Rxf6 {

[%clk 00:33:46]

} {

[%emt 00:00:20]

} 21. Bc2 {

[%clk 00:21:52]

} {

[%emt 00:04:28]

} Rxf2 {

[%clk 00:24:34]

} {

[%emt 00:09:41]

} 22. Bxe4 {

[%clk 00:20:05]

} {

[%emt 00:02:18]

} dxe4 {

[%clk 00:24:57]

} {

[%emt 00:00:07]

} 23. Rxe4+ {

[%clk 00:19:33]

} {

[%emt 00:01:02]

} Kf6 {

[%clk 00:24:46]

} {

[%emt 00:00:41]

} 24. Rc1 {

[%clk 00:08:53]

} {

[%emt 00:11:10]

} Rd8+ {

[%clk 00:10:38]

} {

[%emt 00:14:37]

} 25. Ke1 {

[%clk 00:09:10]

} {

[%emt 00:00:13]

} Rxb2 {

[%clk 00:11:02]

} {

[%emt 00:00:06]

} 26. h4 {

[%clk 00:08:04]

} {

[%emt 00:01:36]

} Rxa2 {

[%clk 00:04:58]

} {

[%emt 00:06:34]

} 27. Rc6+ {

[%clk 00:02:02]

} {

[%emt 00:06:32]

} Kf7 {

[%clk 00:05:21]

} {

[%emt 00:00:06]

} 1/2-1/2

[Event "Estonian Chess Championship 2025"]
[Site "Tallinn, Estonia"]
[Date "2025.12.14"]
[Round "9.2"]
[White "Sirosh, Ilja"]
[Black "Krivenko, Dion"]
[Result "1/2-1/2"]
[WhiteTitle "IM"]
[BlackTitle "FM"]
[WhiteElo "2391"]
[BlackElo "2269"]

1. d4 {

[%clk 01:30:57]

} Nf6 {

[%clk 01:30:56]

} 2. Nf3 {

[%clk 01:31:14]

} g6 {

[%clk 01:29:52]

} 3. c4 {

[%clk 01:31:36]

} c5 {

[%clk 01:30:18]

} 4. Nc3 {

[%clk 01:31:33]

} cxd4 {

[%clk 01:28:17]

} 5. Nxd4 {

[%clk 01:31:56]

} Nc6 {

[%clk 01:26:02]

} 6. e4 {

[%clk 01:31:50]

} d6 {

[%clk 01:22:09]

} 7. Be2 {

[%clk 01:31:55]

} Bg7 {

[%clk 01:22:25]

} 8. Be3 {

[%clk 01:32:14]

} O-O {

[%clk 01:22:20]

} 9. O-O {

[%clk 01:32:37]

} Bd7 {

[%clk 01:21:21]

} 10. h3 {

[%clk 01:32:31]

} Nxd4 {

[%clk 01:19:50]

} 11. Bxd4 {

[%clk 01:32:53]

} Bc6 {

[%clk 01:18:09]

} 12. Qc2 {

[%clk 01:33:13]

} a5 {

[%clk 01:17:23]

} 13. Rad1 {

[%clk 01:33:11]

} Nd7 {

[%clk 01:15:58]

} 14. Bxg7 {

[%clk 01:33:11]

} Kxg7 {

[%clk 01:16:23]

} 15. Bg4 {

[%clk 01:33:32]

} Ne5 {

[%clk 01:01:51]

} {

[%emt 00:08:28]

} 16. c5 {

[%clk 01:33:29]

} {

[%emt 00:00:32]

} Nxg4 {

[%clk 01:01:14]

} {

[%emt 00:01:08]

} 17. hxg4 {

[%clk 01:33:49]

} {

[%emt 00:00:52]

} Qc8 {

[%clk 01:01:25]

} 18. cxd6 {

[%clk 01:33:56]

} {

[%emt 00:00:01]

} Qxg4 {

[%clk 00:59:27]

} {

[%emt 00:02:28]

} 19. dxe7 {

[%clk 01:34:08]

} {

[%emt 00:00:18]

} Rfe8 {

[%clk 00:59:41]

} {

[%emt 00:00:16]

} 20. Nd5 {

[%clk 01:34:08]

} {

[%emt 00:00:30]

} Bxd5 {

[%clk 00:59:42]

} {

[%emt 00:00:30]

} 21. exd5 {

[%clk 01:34:24]

} {

[%emt 00:00:14]

} Rxe7 {

[%clk 00:59:10]

} {

[%emt 00:01:02]

} 22. d6 {

[%clk 01:21:54]

} {

[%emt 00:13:01]

} Rd7 {

[%clk 00:57:46]

} {

[%emt 00:01:54]

} 23. Qc3+ {

[%clk 01:22:10]

} {

[%emt 00:00:13]

} Kg8 {

[%clk 00:48:15]

} {

[%emt 00:10:01]

} 24. Rfe1 {

[%clk 01:14:24]

} {

[%emt 00:08:16]

} Qg5 {

[%clk 00:34:06]

} {

[%emt 00:14:40]

} 25. Re5 {

[%clk 01:04:11]

} {

[%emt 00:10:43]

} Qd8 {

[%clk 00:33:37]

} {

[%emt 00:00:59]

} 26. Qd4 {

[%clk 01:01:56]

} {

[%emt 00:02:46]

} Qf8 {

[%clk 00:30:30]

} {

[%emt 00:03:37]

} 27. a4 {

[%clk 00:48:15]

} {

[%emt 00:14:12]

} Rad8 {

[%clk 00:25:50]

} {

[%emt 00:05:10]

} 28. Rd5 {

[%clk 00:48:11]

} {

[%emt 00:00:33]

} Qg7 {

[%clk 00:23:31]

} {

[%emt 00:02:49]

} 29. Qb6 {

[%clk 00:46:15]

} {

[%emt 00:02:26]

} Qf6 {

[%clk 00:22:44]

} {

[%emt 00:01:17]

} 30. b3 {

[%clk 00:43:59]

} {

[%emt 00:02:46]

} Kg7 {

[%clk 00:18:38]

} {

[%emt 00:04:37]

} 31. g3 {

[%clk 00:27:05]

} {

[%emt 00:22:09]

} h5 {

[%clk 00:13:57]

} {

[%emt 00:00:26]

} 32. R1d4 {

[%clk 00:26:56]

} {

[%emt 00:00:39]

} Rc8 {

[%clk 00:08:17]

} {

[%emt 00:06:10]

} 33. Qxa5 {

[%clk 00:21:36]

} {

[%emt 00:05:50]

} Qf3 {

[%clk 00:01:47]

} {

[%emt 00:06:58]

} 34. Rc4 {

[%clk 00:14:23]

} {

[%emt 00:07:43]

} Rcd8 {

[%clk 00:01:23]

} {

[%emt 00:00:55]

} 35. Qd2 {

[%clk 00:07:39]

} {

[%emt 00:07:14]

} Qxb3 {

[%clk 00:00:59]

} {

[%emt 00:00:55]

} 36. Rb4 {

[%clk 00:07:52]

} {

[%emt 00:00:16]

} Qa3 {

[%clk 00:00:36]

} {

[%emt 00:00:53]

} 37. Kg2 {

[%clk 00:06:48]

} {

[%emt 00:01:34]

} Qa1 {

[%clk 00:00:38]

} {

[%emt 00:00:28]

} 38. Rbd4 {

[%clk 00:02:40]

} {

[%emt 00:04:38]

} Re8 {

[%clk 00:00:46]

} {

[%emt 00:00:22]

} 39. Qf4 {

[%clk 00:01:57]

} {

[%emt 00:01:12]

} Re1 {

[%clk 00:00:37]

} {

[%emt 00:02:40]

} 40. Re5 {

[%clk 00:15:38]

} Rg1+ {

[%clk 00:15:36]

} {

[%emt 00:00:20]

} 41. Kf3 {

[%clk 00:10:37]

} {

[%emt 00:05:31]

} Qc3+ {

[%clk 00:12:04]

} {

[%emt 00:04:01]

} 42. Re3 {

[%clk 00:10:59]

} {

[%emt 00:00:09]

} Qc6+ {

[%clk 00:11:24]

} {

[%emt 00:01:10]

} 43. Ke2 {

[%clk 00:10:29]

} {

[%emt 00:01:00]

} Qc1 {

[%clk 00:04:16]

} {

[%emt 00:07:35]

} 44. Kf3 {

[%clk 00:08:03]

} {

[%emt 00:02:58]

} 1/2-1/2

[Event "Estonian Chess Championship 2025 - Rapid tie-breaks"]
[Site "Tallinn, Estonia"]
[Date "2025.12.14"]
[Round "10.2"]
[White "Krivenko, Dion"]
[Black "Sirosh, Ilja"]
[Result "0-1"]
[WhiteTitle "FM"]
[BlackTitle "IM"]
[WhiteElo "2269"]
[BlackElo "2391"]

1. e4 {

[%clk 00:15:05]

} c6 {

[%clk 00:15:05]

} {

[%emt 00:00:02]

} 2. d4 {

[%clk 00:15:07]

} {

[%emt 00:00:02]

} d5 {

[%clk 00:15:07]

} {

[%emt 00:00:01]

} 3. e5 {

[%clk 00:15:09]

} c5 {

[%clk 00:15:09]

} 4. c3 {

[%clk 00:15:11]

} Nc6 {

[%clk 00:15:08]

} {

[%emt 00:00:06]

} 5. Bb5 {

[%clk 00:15:13]

} {

[%emt 00:00:01]

} Qb6 {

[%clk 00:13:50]

} {

[%emt 00:01:20]

} 6. Ba4 {

[%clk 00:15:08]

} {

[%emt 00:00:09]

} cxd4 {

[%clk 00:12:17]

} {

[%emt 00:01:36]

} 7. cxd4 {

[%clk 00:15:10]

} Bf5 {

[%clk 00:12:15]

} {

[%emt 00:00:05]

} 8. Ne2 {

[%clk 00:15:05]

} {

[%emt 00:00:07]

} e6 {

[%clk 00:11:59]

} {

[%emt 00:00:19]

} 9. Nbc3 {

[%clk 00:14:54]

} {

[%emt 00:00:14]

} Nge7 {

[%clk 00:11:50]

} {

[%emt 00:00:12]

} 10. O-O {

[%clk 00:14:54]

} {

[%emt 00:00:03]

} Bg6 {

[%clk 00:11:08]

} {

[%emt 00:00:44]

} 11. Ng3 {

[%clk 00:14:10]

} {

[%emt 00:00:47]

} h5 {

[%clk 00:10:21]

} {

[%emt 00:00:51]

} 12. h4 {

[%clk 00:13:01]

} {

[%emt 00:01:12]

} Nf5 {

[%clk 00:10:19]

} {

[%emt 00:00:05]

} 13. Nxf5 {

[%clk 00:12:27]

} {

[%emt 00:00:38]

} Bxf5 {

[%clk 00:10:20]

} {

[%emt 00:00:02]

} 14. Bg5 {

[%clk 00:12:19]

} {

[%emt 00:00:11]

} a6 {

[%clk 00:10:08]

} {

[%emt 00:00:16]

} 15. Qd2 {

[%clk 00:12:05]

} {

[%emt 00:00:16]

} Be7 {

[%clk 00:08:46]

} {

[%emt 00:01:25]

} 16. Bxe7 {

[%clk 00:12:01]

} {

[%emt 00:00:08]

} Kxe7 {

[%clk 00:08:48]

} 17. Qg5+ {

[%clk 00:11:01]

} {

[%emt 00:01:03]

} Kf8 {

[%clk 00:08:50]

} 18. Nxd5 {

[%clk 00:08:04]

} {

[%emt 00:02:59]

} Qxd4 {

[%clk 00:08:50]

} {

[%emt 00:00:03]

} 19. Bxc6 {

[%clk 00:07:54]

} {

[%emt 00:00:14]

} bxc6 {

[%clk 00:08:45]

} {

[%emt 00:00:08]

} 20. Rfd1 {

[%clk 00:05:43]

} {

[%emt 00:02:13]

} Qg4 {

[%clk 00:06:31]

} {

[%emt 00:02:17]

} 21. Nb6 {

[%clk 00:01:56]

} {

[%emt 00:03:50]

} Qxg5 {

[%clk 00:06:09]

} {

[%emt 00:00:25]

} 22. hxg5 {

[%clk 00:01:58]

} Re8 {

[%clk 00:06:11]

} 23. f3 {

[%clk 00:00:51]

} {

[%emt 00:01:10]

} h4 {

[%clk 00:06:11]

} {

[%emt 00:00:03]

} 24. Rac1 {

[%clk 00:00:51]

} {

[%emt 00:00:03]

} Rh5 {

[%clk 00:06:05]

} {

[%emt 00:00:09]

} 25. f4 {

[%clk 00:00:39]

} {

[%emt 00:00:15]

} h3 {

[%clk 00:06:05]

} {

[%emt 00:00:02]

} 26. gxh3 {

[%clk 00:00:14]

} {

[%emt 00:00:28]

} Rxh3 {

[%clk 00:06:06]

} {

[%emt 00:00:02]

} 27. Kg2 {

[%clk 00:00:11]

} {

[%emt 00:00:06]

} Re3 {

[%clk 00:05:06]

} {

[%emt 00:01:03]

} 28. Rc3 {

[%clk 00:00:06]

} {

[%emt 00:00:09]

} Re2+ {

[%clk 00:05:01]

} {

[%emt 00:00:08]

} 29. Kf3 {

[%clk 00:00:07]

} {

[%emt 00:00:02]

} Rxb2 {

[%clk 00:05:01]

} {

[%emt 00:00:03]

} 30. Nd7+ {

[%clk 00:00:07]

} {

[%emt 00:00:03]

} Ke7 {

[%clk 00:04:29]

} {

[%emt 00:00:35]

} 31. Rxc6 {

[%clk 00:00:07]

} {

[%emt 00:00:04]

} Rd8 {

[%clk 00:04:13]

} {

[%emt 00:00:18]

} 32. Rcd6 {

[%clk 00:00:06]

} {

[%emt 00:00:04]

} Rxa2 {

[%clk 00:03:43]

} {

[%emt 00:00:33]

} 33. Nc5 {

[%clk 00:00:06]

} {

[%emt 00:00:02]

} Rc8 {

[%clk 00:03:46]

} {

[%emt 00:00:01]

} 34. Rd7+ {

[%clk 00:00:05]

} {

[%emt 00:00:05]

} Ke8 {

[%clk 00:03:48]

} 35. Nb7 {

[%clk 00:00:05]

} {

[%emt 00:00:03]

} Rc3+ {

[%clk 00:03:46]

} {

[%emt 00:00:04]

} 0-1